03787nam a2200289 a 4500003000500000005001700005008004100022020001800063040001800081041002300099082002600122100002000148245007300168250001000241260003400251264002700285300007300312336002700385337002700412338002800439505169200467520124202159534003603401650001803437700002003455700002203475CHAP20250217144951.0241128s20082011sp a r 00010 spa d a9788429176001 cCHAPaPAerda aspabspafspaheng04aPA 574.192bB47Y 201100aBerg, Jeremy M.10aBioquímica /cpor Jeremy M. Berg, John L. Tymoczko y Lubert Stryer a6 ed. aBarcelona :bReverté,c2008 aEspaña : bReverté axxxviii, 1026 p. :bilus. ; gráfs. ; cuadros + glosario ; índice 2rdacontentatextobtxt 2rdamediaasin mediobn 2rdacarrieravolumenbnc g1.DISEÑO MOLECULAR DE LA VIDA -- 2.La Bioquímica: una ciencia en desarrollo -- 3.Composición y estructura de las proteínas -- 4.Investigación en proteínas y proteomas -- 5.DNA, RNA y el flujo de la información genética -- 6.La investigación de genes y genomas -- 7.Investigación de la evolución y la bioinformática -- 8.La Hemoglobina: instantánea de una proteína en acción -- 9.Enzimas: conceptos básicos y cinética -- 10.Estrategias catalíticas -- 11.Estrategias reguladoras -- 12.Carbohidratos -- 13.Lípidos y membranas celulares -- 14.Conductos y bombas de membrana -- 15.Vías de transducción de señales -- 16.TRANSDUCCIÓN Y ALMACENAMIENTO DE LA ENERGÍA -- 17.Metabolismo: conceptos básicos y visión de conjunto -- 18.Glicolisis y gluconeogénesis -- 19.El ciclo del ácido cítrico -- 20.Fosforilación oxidativa -- 21.Las reacciones de la fase luminosa de la fotosíntesis -- 22.El ciclo de Calvin y la vía de las pentosas fosfato -- 23.Metabolismo del glucógeno -- 24.Metabolismo de los ácidos grasos-- 25.Recambio de las proteínas y catabolismo de los aminoácidos -- 26.SÍNTESIS DE LAS MOLÉCULAS DE LA VIDA -- 27.Biosíntesis de aminoácidos -- 28.Biosíntesis de nucleótidos -- 29.Biosíntesis de lípidos de membrana y de esteroides-- 30.Integración del metabolismo-- 31.Replicación, reparación y recombinación del DNA -- 32.Síntesis y maduración del RNA -- 33.Síntesis de proteínas -- 34.El control de la expresión génica. -- 35.RESPUESTAS A CAMBIOS AMBIENTALES-- 36.Sistemas sensoriales -- 37.El sistema inmunitario 36.Motores moleculares -- 37.Desarrollo de fármacos --  aEn la sexta edición se hace hincapié en que la comprensión de las vías bioquímicas es la base para la comprensión de los sistemas fisiológicos Una perspectiva molecular de la evolución. A medida que el análisis de secuencias va cobrando importancia, el panorama de la Bioquímica está cambiando y de ser una ciencia que se desarrolla casi por completo en el laboratorio se está convirtiendo en una disciplina que también puede estudiarse mediante ordenadores, utilizando la información recopilada a patir de la genómica y la proteómica. Este cambio se pone de manifiesto en la edición actual. Nuevos capítulos. Dos nuevos capítulos ilustran la relación entre la estructura y la función utilizando un ejemplo clásico y otro contemporáneo: 'Hemoglobina: Retrato de una proteína en acción' y 'Desarrollo de fármacos'. Nuevas aplicaciones clínicas. Se han añadido una serie de ejemplos nuevos procedentes de las ciencias médicas a la ya abundante selección existente en la edición anterior. Avances recientes. La sexta edición se ha actualizado a fondo en toda su extensión, incluyendo discusiones sobre los avances más recientes. Visualización de la estructura molecular. pTítulo original: Biochemistry14aBioquímica.0 aStryer, Lubert.0 aTymoczko, John L.